| 000 | 01247cam a2200265 i 4500 | ||
|---|---|---|---|
| 001 | 127 | ||
| 003 | CO-MdFUSB | ||
| 005 | 20221029110241.0 | ||
| 008 | 221029t1960 sp ||||| |||| 00| 0 spa d | ||
| 040 |
_bspa. _aCO-MdFUSB _cCO-MdFUSB _dCO-MdFUSBC _erda |
||
| 041 | _aspa | ||
| 082 | 0 | 4 |
_aR 220.7 _bO645c |
| 100 | _eautor | ||
| 245 | 1 | 0 |
_aVerbum Dei : Comentario a la Sagrada Escritura / B. Orchard... [et. al.] _c/ |
| 264 | 1 |
_aBarcelona, España : _bHerder, _c[1960] |
|
| 264 | 4 | _c© 1960 | |
| 300 | _c; | ||
| 336 |
_2rdacontent _atexto _btxt |
||
| 337 |
_2rdamedia _asin mediación _bn |
||
| 338 |
_2rdacarrier _avolumen _bnc |
||
| 505 | _aVol. 1 : Introducción general al Antiguo Testamento : Génesis a Paralipómenos Vol. 2 : Antiguo Testamento : Esdras-Nehemías, Tobias, Judit, Ester; Literatura poética y sapiencial; Literatura profética; 1 y 2 de Macabeos. Vol 3 : Introducción al Nuevo Testameto; Comentarios a los Evangelios. Vol. 4 : Hechos, Romanos, 1 y 2 a los Corintios, Gálatas, Efesios, Filipenses, Colosenses, 1 y 2 a los Tesalonicenses, 1 y 2 a Timoteo, Yito, Filemón, Hebreos, Santiago, 1 y 2 de Pedro, 1, 2 y 3 de Juan, Judas, Apocalipsis. | ||
| 653 | _aComentario bíblico | ||
| 942 | _cBK | ||
| 945 | _aestudiante | ||
| 999 |
_c31670 _d31670 |
||